| 000 | 00373nam a22001337a 4500 | ||
|---|---|---|---|
| 008 | 250422b |||||||| |||| 00| 0 eng d | ||
| 020 | _a9781254424 | ||
| 050 |
_aJF 1525 _b.E74 |
||
| 100 | _aWamakko Magatakarda Aliyu | ||
| 245 | _aEthics and Discipline in Public service | ||
| 260 |
_aNigeria _bAhmadu Bello University Press Ltd Zaria _c2013 |
||
| 300 | _a118p. | ||
| 942 | _cBK | ||
| 999 |
_c3094 _d3094 |
||